00529nam a22001817a 45000050016000000100014000160200025000300350013000550370013000680820006000811000020000872450095001072600075002022700042002773000022003197000003003417000003003442010081105455.0 aENG-99715 a9788174509635c80.00 aEN-83247 bDBAD/PUB aS aSykes, Marjorie aThe story of Nai Talim :cby Marjorie Skyesbfifty years of education at sevagram, India / aNew DelhibNational Council of Educational Research and Trainingc2009 aSri Aurobindo MargbNew DElhie110016 a110p.c24cm (pbk)